|
|
|
|
| LEADER |
01056pam a22002418a 4500 |
| 001 |
00023449 |
| 005 |
20171026081022.0 |
| 008 |
110623s1978 ||||||Viesd |
| 041 |
0 |
# |
|a Vie
|
| 082 |
1 |
# |
|a 515
|b PH206T
|
| 100 |
0 |
# |
|a Stefan banac
|
| 245 |
0 |
0 |
|a Phép tính vi phân và tích phân
|b Sách dùng cho các trường Cao đẳng Sư phạm
|c Sefan Banac
|n T.1
|
| 260 |
# |
# |
|a TP.Hồ Chí Minh
|b Giáo Dục
|c 1978
|
| 300 |
# |
# |
|a 279tr.
|c 21cm
|
| 650 |
|
|
|a Phép tính vi phân
|
| 650 |
|
|
|a phép tính tích phân
|
| 653 |
# |
# |
|a Giáo trình
|
| 852 |
# |
# |
|b Kho giáo trình
|j KGT.0003683, KGT.0003684, KGT.0003685, KGT.0003686, KGT.0003687, KGT.0003688, KGT.0003689, KGT.0003690, KGT.0003691
|
| 852 |
# |
# |
|b Kho mượn
|j KGT.0003683
|
| 852 |
# |
# |
|b Kho đọc
|j KD.0006790
|
| 852 |
# |
# |
|j KGT.0003685
|j KGT.0003686
|j KGT.0003688
|j KGT.0003689
|j KGT.0003683
|j KGT.0003691
|j KGT.0003684
|j KGT.0003687
|j KGT.0003690
|
| 910 |
# |
# |
|a Hiếu
|d 23/06/2011
|
| 980 |
# |
# |
|a Trung tâm Học liệu Lê Vũ Hùng, Trường Đại học Đồng Tháp
|